[Event "Benasque op"]
[Site "Benasque"]
[Date "1997.??.??"]
[Round "5"]
[White "Spassov, Liuben"]
[Black "Kurajica, Bojan"]
[Result "1/2-1/2"]
[WhiteElo "2425"]
[BlackElo "2545"]

1.Nf3 d5 2.g3 g6 3.Bg2 Bg7 4.d4 Nh6 5.c4 dxc4 6.Na3 Nf5 7.e3 c5 8.Qa4+ Bd7
9.Qxc4 cxd4 10.Nxd4 Nd6 11.Qe2 Qb6 12.O-O O-O 13.Rd1 Rc8 14.b3 e5 15.Ndc2 e4
16.Nd4 Na6 17.Nac2 Bb5 18.Qd2 Nc5 19.Ba3 a5 20.Rac1 Bd7 21.Ne2 Ra6 22.h3 Nd3
23.Bxd6 Qxd6 24.Rb1 Qe7 25.Ne1 Bf5 26.g4 Nxe1 27.Qxe1 Bd7 28.Bxe4 Bxg4 29.Bd3 Bxh3
30.Bxa6 Bc3 31.Rd2 Bxd2 32.Qxd2 Qe4 33.Bxb7 Qxb1+ 34.Kh2 Qc2 35.Qxa5 Rf8
36.Bf3 Bf1 37.Qe1 Bxe2 38.Qxe2 Rc8 39.Qxc2 Rxc2 40.a4 Rxf2+ 41.Kg3 Rb2 42.Bd5 Kf8
43.a5 Ra2 44.b4 Ra4 45.Bc6 Rxb4 46.a6 Rb3 47.a7 Rxe3+ 48.Kf4 Ra3 49.a8=Q+ Rxa8
50.Bxa8 Ke7 51.Bd5 Kf6 52.Bc4 h5 53.Bb5 g5+ 54.Ke4 Kg6 55.Bd7 h4 56.Bh3 f5+
57.Bxf5+ Kh5 58.Kf3 h3 59.Bxh3 g4+ 60.Kg3 gxh3 61.Kxh3  1/2-1/2

[Event "Berliner Sommer"]
[Site "Berlin"]
[Date "1997.??.??"]
[Round "2"]
[White "Kvamme, John A"]
[Black "Lingnau, Carsten"]
[Result "1-0"]
[WhiteElo "2195"]
[BlackElo "2425"]

1.Nf3 d5 2.g3 c6 3.b3 Bg4 4.Bg2 Nd7 5.Bb2 Ngf6 6.O-O e6 7.d3 Bd6 8.Nbd2 O-O
9.h3 Bh5 10.Qe1 Re8 11.e4 e5 12.Nh4 dxe4 13.dxe4 Nc5 14.Nc4 Bc7 15.Qe3 b6
16.Nf5 Nb7 17.Qg5 Bg6 18.Rad1 Nd7 19.Qe3 b5 20.Ncd6 Nxd6 21.Nxd6 Bxd6 22.Rxd6 Qc7
23.Rfd1 Nf6 24.f3 c5 25.Bf1 a6 26.Qd2 h6 27.Kh2 Kh7 28.Bc3 Kg8 29.Ba5 Qe7
30.Bd8 Qa7 31.Bxf6 gxf6 32.Qxh6 Qe7 33.g4 Rad8 34.Qd2 Rc8 35.Rd7 Qe6 36.Rd6 Qe7
37.Qa5 c4 38.bxc4 Kg7 39.R1d5 bxc4 40.Qxa6 Ra8 41.Qxc4 Qa7 42.Qc5 Qxa2 43.Qf2 Qb1
44.Rd1 Qb2 45.h4 Rec8 46.R1d2 Rh8 47.Kg3 Qc1 48.Bg2 Ra2 49.Qf1 Qa3 50.h5 Bxe4
51.Qc4 Bh7 52.h6+ Kg6 53.g5 Qa4 54.Rxf6+ Kxg5 55.Qxa4 Rxa4 56.Rxf7 Kxh6 57.Re7 Rg8+
58.Kf2 Rg5 59.Re6+ Bg6 60.Bf1 Kh5 61.Bd3 Bxd3 62.cxd3 Rf5 63.Rc6  1-0

[Event "Berliner Sommer"]
[Site "Berlin"]
[Date "1997.??.??"]
[Round "2"]
[White "Zoler, Dan"]
[Black "Skorna, Ullrich"]
[Result "1-0"]
[WhiteElo "2465"]
[BlackElo "2205"]

1.Nf3 d5 2.g3 c5 3.Bg2 Nc6 4.d4 e6 5.O-O Nf6 6.b3 Be7 7.Bb2 O-O 8.Nbd2 b6
9.dxc5 Bxc5 10.a3 b5 11.e3 Be7 12.Qe2 Qb6 13.e4 b4 14.exd5 Ba6 15.Nc4 Bxc4
16.bxc4 bxa3 17.Bxa3 exd5 18.Bxe7 Rfe8 19.Rfb1 Qc7 20.cxd5 Nxd5 21.Ng5 Qxe7
22.Qxe7 Ndxe7 23.Rb7 h6 24.Nxf7 Rab8 25.Rd7 Rf8 26.Ne5 Rf6 27.Nxc6 Nxc6 28.Bxc6 Rxc6
29.Raxa7 g5 30.Rg7+ Kh8 31.Rh7+ Kg8 32.Rag7+ Kf8 33.Rc7  1-0

[Event "Berliner Sommer"]
[Site "Berlin"]
[Date "1997.??.??"]
[Round "4"]
[White "Kvamme, John A"]
[Black "Goloshchapov, Alexander"]
[Result "0-1"]
[WhiteElo "2195"]
[BlackElo "2400"]

1.Nf3 d5 2.g3 c6 3.b3 Bg4 4.Bg2 Nd7 5.Bb2 Ngf6 6.O-O e6 7.d3 Bd6 8.Nbd2 O-O
9.h3 Bh5 10.Qe1 e5 11.e4 Re8 12.Nh4 Qc7 13.Nf5 Bf8 14.f4 dxe4 15.dxe4 Rad8
16.g4 Bg6 17.Nxg7 Bxg7 18.f5 Nc5 19.fxg6 fxg6 20.Rd1 b5 21.Qe3 Nfd7 22.Nf3 Ne6
23.Kh1 Bf8 24.Bc3 Bc5 25.Qh6 Bf8 26.Qe3 Bc5 27.Qh6 a6 28.Ng5 Nxg5 29.Qxg5 Be7
30.Qe3 Rf8 31.Qg3 Rxf1+ 32.Rxf1 Bd6 33.Rd1 Nf8 34.Qe1 Qe7 35.Ba5 Rd7 36.Qc3 Bc7
37.Rxd7 Qxd7 38.Bxc7 Qxc7 39.a4 Ne6 40.axb5 axb5 41.Kh2 Qd6 42.Bf1 Nd4 43.Bg2 Qf8
44.Kh1 Qa3 45.Kh2 Qf8 46.Kh1 Qf2 47.Qc5 Qf6 48.Kh2 Kg7 49.Kh1 Kh6 50.c4 Kg5
51.cxb5 cxb5 52.Qc3 Qf2 53.Qc5 Kf4 54.Qf8+ Kg3 55.Qb4  0-1

[Event "Berliner Sommer"]
[Site "Berlin"]
[Date "1997.??.??"]
[Round "4"]
[White "Hickl, Joerg"]
[Black "Rabiega, Robert"]
[Result "1-0"]
[WhiteElo "2565"]
[BlackElo "2490"]

1.g3 d5 2.Nf3 c6 3.b3 Bg4 4.Bg2 Nd7 5.Bb2 Ngf6 6.d3 e6 7.O-O Bd6 8.Nbd2 O-O
9.a3 a5 10.h3 Bh5 11.Qe1 e5 12.e4 Re8 13.Nh4 Qc7 14.Nf5 Bf8 15.Kh1 Bg6 16.Nh4 Nc5
17.Nxg6 hxg6 18.Qe2 b5 19.Rfe1 d4 20.Nf3 Nfd7 21.h4 a4 22.b4 Ne6 23.c3 dxc3
24.Bxc3 c5 25.Qb2 Nd4 26.Bxd4 exd4 27.e5 Ra6 28.bxc5 Qxc5 29.Rac1 Qxa3 30.Qxb5 Ra7
31.Bh3 Rb8 32.Qc6 Rb6 33.Qc8 Nc5 34.e6 Nxd3 35.Ng5 Nxf2+ 36.Kg2 Rb2 37.Rc2 Nd3
38.Ree2 Rxc2 39.Qxc2 f5 40.e7 Rxe7 41.Rxe7 Bxe7 42.Qc8+ Bf8 43.Qe6+ Kh8 44.Qxg6 Nf4+
45.gxf4 Qb2+ 46.Kg1 Qc1+ 47.Bf1  1-0

[Event "Berliner Sommer"]
[Site "Berlin"]
[Date "1997.??.??"]
[Round "6"]
[White "Heuer, Thomas"]
[Black "Lipinsky, Fabian"]
[Result "0-1"]
[WhiteElo "2260"]
[BlackElo "2410"]

1.Nf3 d5 2.g3 Bg4 3.Bg2 Nd7 4.c4 dxc4 5.Qa4 c6 6.Qxc4 Bxf3 7.Bxf3 Ne5 8.Qb3 Nxf3+
9.Qxf3 g6 10.O-O Bg7 11.Rd1 h5 12.h4 Nh6 13.d4 Nf5 14.e3 O-O 15.Nc3 e6 16.Bd2 Qe7
17.Rac1 Rfd8 18.Ne4 Rd5 19.Nc3 Ra5 20.a3 Rd8 21.Ra1 e5 22.Ne4 Rad5 23.Bb4 Qc7
24.dxe5 Qxe5 25.Rxd5 Qxd5 26.Bc3 Bxc3 27.bxc3 Kg7 28.Ng5 Qxf3 29.Nxf3 Rd3
30.Rb1 Nd6 31.Rb3 Nb5 32.a4 Rxc3 33.Rb1 Nd6 34.Rd1 Ne4 35.Rd7 Rc1+ 36.Kg2 Rc2
37.Ng5 Nxg5 38.hxg5 Rb2 39.Rc7 a5 40.e4 Rb4 41.e5 Kf8 42.f4 b5 43.Rxc6 Rxa4
44.Rc8+ Ke7 45.Rc7+ Ke6 46.Rc6+ Kd5 47.Rd6+ Kc5 48.Rd1 Rd4 49.Rc1+ Kb6  0-1

[Event "Berliner Sommer"]
[Site "Berlin"]
[Date "1997.??.??"]
[Round "7"]
[White "Wilhelmi, Christian"]
[Black "Savchenko, Stanislav"]
[Result "0-1"]
[WhiteElo "2405"]
[BlackElo "2565"]

1.Nf3 d5 2.g3 c6 3.Bg2 Bg4 4.d3 Nd7 5.Nbd2 Ngf6 6.h3 Bh5 7.O-O e5 8.e4 Bd6
9.Qe1 O-O 10.Nh4 Re8 11.Kh1 Qc7 12.Nf5 Bf8 13.Nf3 dxe4 14.dxe4 Nc5 15.N3h4 Nfd7
16.Bd2 a5 17.a4 f6 18.Rg1 Bf7 19.Bf3 Ne6 20.Kh2 Ndc5 21.Ng2 Nd4 22.Bd1 b6
23.g4 Rad8 24.Bc1 Rd7 25.Ng3 Red8 26.Ne3 g6 27.h4 Nde6 28.Bf3 Nf4 29.b3 Nce6
30.Bb2 Bc5 31.Rb1 Nd4 32.Bd1 Qd6 33.Qf1 Qf8 34.g5 fxg5 35.Ng4 gxh4 36.Nf5 gxf5
37.Nxe5+ Kh8 38.Nxd7 Rxd7 39.Bf3 Be7 40.Qc1 Qb8 41.Kh1 Bf6 42.Qe3 c5 43.exf5 Re7
44.Qd2 Qd6 45.Rg4 Be5 46.Re1 Bh5 47.Bxd4 cxd4  0-1

[Event "Biel op MTO"]
[Site "Biel"]
[Date "1997.??.??"]
[Round "2"]
[White "Tukmakov, Vladimir B"]
[Black "Raetsky, Alexander"]
[Result "1-0"]
[WhiteElo "2575"]
[BlackElo "2405"]

1.Nf3 d5 2.g3 Nc6 3.d4 Bg4 4.Bg2 Qd7 5.c4 dxc4 6.d5 Bxf3 7.Bxf3 Ne5 8.Bg2 e6
9.Nc3 O-O-O 10.O-O Nf6 11.Bf4 Ng6 12.Bg5 Bc5 13.Qc2 h5 14.h4 Kb8 15.Rad1 Ne5
16.Ne4 Be7 17.Bf4 Bd6 18.dxe6 Qxe6 19.Ng5 Qe7 20.Bxe5 Bxe5 21.Qxc4 Ng4 22.Qb3 c6
23.Bxc6 Bd4 24.Bd5 Rxd5 25.Qxd5 Rd8 26.Qxf7 Bxf2+ 27.Kg2 Ne3+ 28.Kh3 Qxf7
29.Rxd8+  1-0

[Event "Biel op MTO"]
[Site "Biel"]
[Date "1997.??.??"]
[Round "3"]
[White "Romanishin, Oleg M"]
[Black "Skripchenko, Almira"]
[Result "1/2-1/2"]
[WhiteElo "2550"]
[BlackElo "2385"]

1.Nf3 d5 2.g3 c6 3.Bg2 Bg4 4.c4 e6 5.Ne5 Bh5 6.cxd5 exd5 7.d4 Nf6 8.O-O Nbd7
9.Qb3 Qb6 10.Nxd7 Nxd7 11.Qe3+ Be7 12.b3 Kf8 13.Re1 Re8 14.Qd2 Bg6 15.Ba3 Bxa3
16.Nxa3 Nf6 17.Nb1 h5 18.Nc3 h4 19.Na4 Qc7 20.Qf4 Qe7 21.Rac1 hxg3 22.hxg3 Nh5
23.Qg4 Nf6 24.Qf4 Nh5 25.Qg4 Nf6  1/2-1/2

[Event "Biel op MTO"]
[Site "Biel"]
[Date "1997.??.??"]
[Round "3"]
[White "Zoler, Dan"]
[Black "Giertz, Niklaus"]
[Result "1-0"]
[WhiteElo "2465"]
[BlackElo "2285"]

1.Nf3 d5 2.g3 Nf6 3.b3 e6 4.Bb2 Be7 5.Bg2 O-O 6.O-O c5 7.d3 Nc6 8.Nbd2 b5
9.c4 a6 10.e3 Bb7 11.Qe2 Qb6 12.Rac1 Rfd8 13.a3 a5 14.Rb1 Ba6 15.Rfc1 Qa7
16.Rc2 a4 17.bxa4 bxc4 18.dxc4 Na5 19.Ne5 Rab8 20.Qe1 Qc7 21.Bc3 Rxb1 22.Qxb1 Rb8
23.Rb2 Rxb2 24.Qxb2 dxc4 25.Bf1 Nd5 26.Bxa5 Qxa5 27.Qb8+ Qd8 28.Qxd8+ Bxd8
29.Bxc4 Bxc4 30.Ndxc4 Nc7 31.Kf1 Na6 32.Ke2 Kf8 33.Kd3 Bc7 34.Nf3 Ke7 35.Nb2 f6
36.Kc4 Kd6 37.Kb5 Nb8 38.Nc4+ Kd5 39.Nfd2 f5 40.a5 Nc6 41.Nb6+ Kd6 42.Ndc4+  1-0

[Event "Biel op MTO"]
[Site "Biel"]
[Date "1997.??.??"]
[Round "4"]
[White "Markowski, Tomasz"]
[Black "Bagirov, Rufat"]
[Result "0-1"]
[WhiteElo "2515"]
[BlackElo "2325"]

1.g3 d5 2.Nf3 Bg4 3.Bg2 Nd7 4.c4 e6 5.O-O c6 6.d3 Bd6 7.cxd5 cxd5 8.e4 Ne7
9.h3 Bxf3 10.Qxf3 O-O 11.Be3 Ne5 12.Qe2 N5c6 13.f4 d4 14.Bf2 Rc8 15.Nd2 b5
16.e5 Bb4 17.Nb3 a5 18.Rac1 a4 19.Nc5 a3 20.Na6 Qa5 21.Nxb4 Nxb4 22.Rxc8 Rxc8
23.Be1 axb2 24.Qxb2 Nxd3 25.Bxa5 Nxb2 26.Be4 d3 27.Rf2 Rc1+ 28.Kg2 Nc4 29.Bb4 Nd5
30.Bxd5 exd5 31.Kf3 Rc2 32.Rf1 Rxa2 33.Rd1 Rb2 34.Ra1 h5 35.Bc3 Rb3 36.Bd4 d2+
37.Ke2 Rxg3 38.f5 Kh7 39.e6 fxe6 40.fxe6 Rg6 41.Ra6 Rg2+ 42.Kd1 Rh2 43.Kc2 d1=Q+  0-1

[Event "Biel op MTO"]
[Site "Biel"]
[Date "1997.??.??"]
[Round "10"]
[White "Terreaux, Gilles"]
[Black "Gaertner, Guntram"]
[Result "0-1"]
[WhiteElo "2245"]
[BlackElo "2340"]

1.Nf3 d5 2.g3 c6 3.Bg2 Nf6 4.O-O Bf5 5.d3 h6 6.c4 e6 7.Be3 Nbd7 8.Qb3 Qc7
9.cxd5 exd5 10.Rc1 Be7 11.Nd4 Be6 12.Nc3 Qc8 13.Ncb5 Nc5 14.Qd1 O-O 15.Nxa7 Qe8
16.b4 Ng4 17.Naxc6 bxc6 18.Bf4 g5 19.bxc5 gxf4 20.Nxe6 fxe6 21.e3 Qh5 22.h3 Nf6
23.Qxh5 Nxh5 24.exf4 Bf6 25.Rab1 Rxa2 26.Rb6 Bd4 27.Bf3 Bxf2+ 28.Kf1 Nxg3+
29.Kg2 Nf5 30.Kh1 Be3 31.Rg1+ Bxg1 32.Kxg1 Nd4  0-1

[Event "Bled op18th"]
[Site "Bled"]
[Date "1997.??.??"]
[Round "3"]
[White "Petek Medic, Mirjana"]
[Black "Florjancic, Rudolf"]
[Result "1/2-1/2"]
[WhiteElo "2250"]
[BlackElo "2125"]

1.Nf3 d5 2.g3 Nf6 3.Bg2 g6 4.c4 c6 5.cxd5 Nxd5 6.Nc3 Bg7 7.d4 O-O 8.O-O Nd7
9.Nxd5 cxd5 10.Qb3 e6 11.Bf4 Qb6 12.Qc3 Nf6 13.Ne5 Bd7 14.Rfc1 Bc6 15.Nxc6 bxc6
16.Bd6 Rfc8 17.Bc5 Qa6 18.e3 Nd7 19.Bf1 Qb7 20.Ba3 c5 21.Qd2 cxd4 22.exd4 Qb6
23.Rxc8+ Rxc8 24.Rc1 Rxc1 25.Qxc1 Qxd4 26.Qc8+ Nf8 27.Bb5 h5 28.h4 Qb6 29.Be8 e5
30.Bxf8 Bxf8 31.Qd7 Qf6 32.Qxd5 Qe7 33.Bb5 Kg7 34.Bc4 Qc7 35.a3 Bc5 36.b4 Bd4
37.Kg2 Bb2 38.a4 Bc3 39.b5 Ba5  1/2-1/2

[Event "Bled op18th"]
[Site "Bled"]
[Date "1997.??.??"]
[Round "5"]
[White "Hess, Christian"]
[Black "Sitnik, Igor"]
[Result "1-0"]
[WhiteElo "2290"]
[BlackElo "2225"]

1.Nf3 d5 2.g3 Nf6 3.Bg2 e6 4.O-O Be7 5.b3 O-O 6.Bb2 b6 7.d3 Bb7 8.Nbd2 c5
9.Ne5 Nc6 10.Nxc6 Bxc6 11.e4 dxe4 12.dxe4 Qc7 13.Qe2 Qb7 14.a4 a6 15.Rfe1 b5
16.a5 Rfd8 17.Rad1 Rd7 18.f3 Rad8 19.Be5 Ne8 20.Nf1 Rxd1 21.Rxd1 Rxd1 22.Qxd1 Qd7
23.Qe1 Qd8 24.Ne3 Nd6 25.Qc3 Ne8 26.Bh3 b4 27.Qe1 Qxa5 28.Nc4 Qd8 29.Bf1 Bb5
30.Bd3 Bf6 31.Bf4 Bd4+ 32.Kg2 a5 33.Qe2 a4 34.bxa4 Bxa4 35.h4 Nf6 36.Qe1 Bc6
37.Qb1 Nh5 38.Bg5 f6 39.Bd2 g6 40.Qb3 Qc7 41.Be1 Ng7 42.g4 Kh8 43.Bd2 h5
44.g5 f5 45.c3 bxc3 46.Bxc3 fxe4 47.Bxe4 Bxe4 48.fxe4 Qf4 49.Bxd4 Qxe4+ 50.Kf1  1-0

[Event "Bourbon Lancy op"]
[Site "Bourbon Lancy"]
[Date "1997.??.??"]
[Round "9"]
[White "Lupu, Mircea Sergiu"]
[Black "Mitkov, Nikola"]
[Result "0-1"]
[WhiteElo "2485"]
[BlackElo "2455"]

1.Nf3 d5 2.g3 Bg4 3.Bg2 Nd7 4.O-O e6 5.d3 Bd6 6.e4 Ne7 7.Nc3 c6 8.d4 O-O
9.h3 Bh5 10.e5 Bc7 11.Ne2 c5 12.c3 cxd4 13.cxd4 Bb6 14.b3 Rc8 15.Ba3 Nb8
16.Qd2 Nbc6 17.Rac1 Re8 18.g4 Bg6 19.Nh4 Be4 20.f3 Ng6 21.Nxg6 Bxg6 22.Bd6 h5
23.b4 a6 24.a4 a5 25.b5 Nb4 26.gxh5 Rxc1 27.Rxc1 Bxh5 28.Bc5 Bg6 29.Bxb4 axb4
30.Qxb4 Bd3 31.Nf4 Bc4 32.Rd1 Qg5 33.a5 Qxe5 34.axb6 Qe3+ 35.Kh1 Qxf4 36.Qc5 Be2
37.Rg1 Bxf3 38.Qc7 Bxg2+ 39.Rxg2 Qf1+ 40.Kh2 Ra8 41.Qxb7 Qf4+  0-1

[Event "Bratto op"]
[Site "Bratto"]
[Date "1997.??.??"]
[Round "3"]
[White "Di Lazzaro, Gabriele"]
[Black "Sgnaolin, Davide"]
[Result "0-1"]
[WhiteElo "2095"]
[BlackElo "2065"]

1.Nf3 d5 2.g3 Nf6 3.Bg2 c6 4.O-O Bg4 5.d4 Nbd7 6.Nbd2 e6 7.Re1 Be7 8.e4 dxe4
9.Nxe4 Nxe4 10.Rxe4 Nf6 11.Re1 O-O 12.c3 h6 13.Qb3 Qb6 14.Ne5 Bf5 15.Nc4 Qxb3
16.axb3 Nd5 17.b4 Rfd8 18.Bd2 Bf8 19.Na5 Rd7 20.Nc4 Rdd8 21.Ra3 b6 22.Rea1 c5
23.bxc5 bxc5 24.Rxa7 Rab8 25.Be3 cxd4 26.Bxd4 Rdc8 27.Bxd5 exd5 28.Ne3 Be4
29.b4 h5 30.h4 g6 31.Kf1 Bg7 32.Bxg7 Kxg7 33.Nd1 Bf3 34.R7a3 Rc6 35.Nb2 Be4
36.Na4 d4 37.Nc5 Bd5 38.Nd7 Rb7 39.Nc5 Rb8 40.Rb1 Rxc5 41.cxd4 Bc4+ 42.Ke1 Rd5
43.Kd2 Rxd4+ 44.Ke3 Rd6  0-1

[Event "Bratto op"]
[Site "Bratto"]
[Date "1997.??.??"]
[Round "4"]
[White "Pantaleoni, Claudio"]
[Black "Rossi, Giampiero"]
[Result "1-0"]
[WhiteElo "2235"]
[BlackElo "2140"]

1.Nf3 d5 2.g3 Nf6 3.Bg2 c5 4.O-O Nc6 5.d4 e6 6.c4 dxc4 7.Ne5 Nxe5 8.dxe5 Qxd1
9.Rxd1 Nd7 10.f4 Be7 11.Na3 c3 12.bxc3 Rb8 13.Rb1 a6 14.Nc4 Kd8 15.Be3 Kc7
16.a4 b6 17.a5 b5 18.Nd6 Bxd6 19.Rxd6 Bb7 20.Rbd1 Rhd8 21.Bxb7 Rxb7 22.Bxc5 Nxc5
23.Rxd8 Nb3 24.R1d7+ Kc6 25.Rd6+ Kc7 26.Rf8 Nxa5 27.Rxf7+ Kb8 28.Rf8+ Ka7
29.Rxe6 Nb3 30.Ree8 a5 31.e6 a4 32.e7 Kb6 33.Rb8  1-0

[Event "Ciocaltea mem"]
[Site "Bucharest"]
[Date "1997.??.??"]
[Round "8"]
[White "Ionescu, Constantin"]
[Black "Cosma, Ioan"]
[Result "1-0"]
[WhiteElo "2515"]
[BlackElo "2495"]

1.Nf3 d5 2.g3 c6 3.Bg2 Bg4 4.c4 e6 5.cxd5 exd5 6.O-O Bd6 7.d3 Nf6 8.Nc3 O-O
9.h3 Bh5 10.e4 dxe4 11.dxe4 Bxf3 12.Qxf3 Nbd7 13.Rd1 Qe7 14.Qe2 Bc5 15.Kh2 Nb6
16.e5 Rfe8 17.f4 Rad8 18.Rxd8 Qxd8 19.Be3 Bxe3 20.Qxe3 Nfd5 21.Nxd5 cxd5
22.Rd1 Qd7 23.b3 Qb5 24.Rc1 Rd8 25.Qd4 Qe2 26.a4 Qa2 27.Rc7 Qxb3 28.e6 f6
29.e7 Re8 30.a5  1-0

[Event "Budapest FS02 GM"]
[Site "Budapest"]
[Date "1997.??.??"]
[Round "2"]
[White "Habibi, Ali"]
[Black "Nor, Igal"]
[Result "1/2-1/2"]
[WhiteElo "2345"]
[BlackElo "2365"]

1.Nf3 d5 2.g3 c5 3.Bg2 Nc6 4.O-O Nf6 5.d3 e5 6.e4 d4 7.Nbd2 Be7 8.Ne1 h5
9.h3 h4 10.g4 Be6 11.Nc4 Nd7 12.f4 exf4 13.Bxf4 Bxc4 14.dxc4 Nde5 15.b3 Bd6
16.Nd3 Nxd3 17.cxd3 Bxf4 18.Rxf4 Ne5 19.Rf5 Qe7 20.a3 g6 21.Rf2 O-O 22.Qd2 Rab8
23.a4 a6 24.Bf1 b5 25.cxb5 axb5 26.a5 Ra8 27.a6 b4 28.Qf4 f6 29.Ra5 Nc6 30.Ra1 Kg7
31.Rc2 Rfc8 32.Be2 Ne5 33.Qc1 Qd6 34.g5 Rc7 35.gxf6+ Qxf6 36.Rxc5 Rf7 37.Kh1 Nxd3
38.Bxd3 Qf3+ 39.Kg1 Qg3+ 40.Kh1 Qxh3+ 41.Kg1 Qg3+ 42.Kh1 Qxd3 43.Qc2 Rf1+
44.Rxf1 Qxf1+ 45.Kh2 Rf8 46.Rc7+ Kh8 47.a7 Rf2+ 48.Qxf2 Qxf2+ 49.Kh1 Qf1+
50.Kh2 Qa6 51.Rd7 Qc8 52.e5 d3 53.e6 d2 54.Rxd2 Qc7+ 55.Kg2 Qc6+ 56.Kf2 Kg7
57.e7 Qa8 58.Ke2 Qe4+ 59.Kd1 h3 60.Re2 h2 61.Rxe4 h1=Q+ 62.Re1 Qf3+ 63.Re2 Qxb3+
64.Ke1 Qg3+ 65.Kf1 Qf3+ 66.Ke1 Qg3+ 67.Kd2 Qc3+ 68.Kd1 Qa1+ 69.Kd2 Qc3+ 70.Kd1 Qa1+
71.Kc2 Qc3+ 72.Kd1 Qa1+  1/2-1/2

[Event "Budapest FS06 IM"]
[Site "Budapest"]
[Date "1997.??.??"]
[Round "4"]
[White "Szuk, Balazs"]
[Black "Peredy, Ferenc"]
[Result "1-0"]
[WhiteElo "2340"]
[BlackElo "2200"]

1.Nf3 d5 2.g3 c6 3.Bg2 Bg4 4.b3 f6 5.d4 e6 6.O-O Bd6 7.Qe1 Ne7 8.e4 Nd7 9.Bb2 Bxf3
10.Bxf3 f5 11.exf5 exf5 12.c4 Nf6 13.cxd5 Nxd5 14.Nc3 Nxc3 15.Qxc3 O-O 16.d5 Rf7
17.dxc6 bxc6 18.Bh5 Ng6 19.Qxc6 Rc8 20.Qa6 Qf8 21.Rac1 Rd8 22.Rfd1 Rfd7 23.Qc4+ Kh8
24.Bxg6 hxg6 25.Qe6 Qe8 26.Qxe8+ Rxe8 27.Rd5 Rdd8 28.Rcd1 Be7 29.Rxd8 Rxd8
30.Rxd8+ Bxd8 31.Bd4 a6 32.Kf1 Kg8 33.Ke2 Kf7 34.Kd3 g5 35.Kc4 Ke6 36.Bxg7 g4
37.Kc5 Ba5 38.b4 Bd8 39.Kc6  1-0

[Event "Budapest FS12 IM-B"]
[Site "Budapest"]
[Date "1997.??.??"]
[Round "5"]
[White "Allen, Andrew"]
[Black "Zemerov, Vladimir"]
[Result "1/2-1/2"]
[WhiteElo "2215"]
[BlackElo "2325"]

1.Nf3 d5 2.g3 Nc6 3.Bg2 Bg4 4.O-O Qd7 5.d3 Bh3 6.e4 Bxg2 7.Kxg2 Nf6 8.Nbd2 e5
9.b3 Bb4 10.Bb2 Bxd2 11.Qxd2 dxe4 12.dxe4 Qxd2 13.Nxd2 O-O-O 14.Rad1 Rhe8
15.a3 Re6 16.Nc4 Rxd1 17.Rxd1 b5 18.Nd2 Rd6 19.f3 Nd7 20.Kf2 Nd4 21.Bxd4 Rxd4
22.Ke2 Rd6 23.Nf1 Ra6 24.Ra1 Nc5 25.Nd2 Ne6 26.c3 Nc5 27.Ra2 g5 28.Ra1 Kd7
29.Rd1 Ke7 30.Ra1 Ke6 31.Ra2 Ke7 32.Ra1 Rh6  1/2-1/2

[Event "Budapest FS04 GM"]
[Site "Budapest"]
[Date "1997.??.??"]
[Round "6"]
[White "Kahn, Evarth"]
[Black "Almasi, Istvan"]
[Result "0-1"]
[WhiteElo "2370"]
[BlackElo "2415"]

1.Nf3 d5 2.g3 c6 3.Bg2 Nf6 4.O-O Bf5 5.d3 h6 6.Nbd2 e6 7.b3 Be7 8.Bb2 O-O
9.Qe1 Bh7 10.e4 a5 11.a4 Na6 12.e5 Nd7 13.Nd4 Nb4 14.Rc1 b5 15.axb5 c5 16.Nc6 Nxc6
17.bxc6 Nb8 18.c7 Qxc7 19.f4 Nc6 20.Qe2 a4 21.c4 a3 22.Bc3 d4 23.Ba1 Rab8
24.Be4 Na5 25.Bxh7+ Kxh7 26.Rb1 Rb4 27.h4 Qb7 28.f5 exf5 29.Rxf5 Nxb3 30.Ne4 Nxa1
31.Rxa1 Rb2 32.Qf3 Rb1+ 33.Rxb1 Qxb1+ 34.Kh2 Kg8 35.Nf6+ Bxf6 36.exf6 g6
37.Qf4 Qc2+ 38.Kh3 Qxd3 39.Rxc5 a2 40.Ra5 Qxc4 41.Qd6  0-1

[Event "Spring op"]
[Site "Budapest"]
[Date "1997.??.??"]
[Round "7"]
[White "Kustar, Sandor"]
[Black "Kiselev, M."]
[Result "1-0"]
[WhiteElo "2380"]
[BlackElo "2345"]

1.Nf3 d5 2.g3 Nf6 3.Bg2 e6 4.c4 dxc4 5.Qc2 a6 6.a4 Nc6 7.Qxc4 e5 8.Ng5 Qd7
9.Nxf7 Qxf7 10.Bxc6+ Ke7 11.Qxf7+ Kxf7 12.Bg2 Bc5 13.d3 Rf8 14.Nd2 Ke7 15.O-O c6
16.Nc4 Ng4 17.e3 Bf5 18.Be4 Bxe4 19.dxe4 Ke6 20.Bd2 Rad8 21.Ba5 Rd3 22.Rac1 Ba7
23.Rc3 Rd7 24.f3 Nf6 25.Rf2 g5 26.Rd2 g4 27.Rxd7 Nxd7 28.fxg4 Nf6 29.Rd3 Nxe4
30.Bb4 c5 31.Be1 b5 32.axb5 axb5 33.Ra3 Rf7 34.Ra6+ Kd5 35.Na3 b4 36.Nb5 Bb8
37.Rb6 Rf8 38.h4 Nf6 39.g5 Nd7 40.Rh6 Rf7 41.g4 e4 42.Kg2 Ne5 43.Rb6 Nc6
44.h5 Be5 45.b3 Na5 46.Nd4 Bc7 47.Rb5 Nc6 48.Nf5 Be5 49.Bg3 Ra7 50.g6 hxg6
51.hxg6 Ra8 52.g7 Bxg7 53.Nxg7 Ra3 54.Nf5 Rxb3 55.g5 Ra3 56.g6 Ra8 57.g7 Rg8
58.Rb7 c4 59.Nh6 Rxg7 60.Rxg7 c3 61.Be1 c2 62.Bd2 b3 63.Bc1 Nb4 64.Rc7 Nd3  1-0

[Event "Budapest FS02 GM"]
[Site "Budapest"]
[Date "1997.??.??"]
[Round "7"]
[White "Habibi, Ali"]
[Black "Farago, Ivan"]
[Result "1/2-1/2"]
[WhiteElo "2345"]
[BlackElo "2440"]

1.Nf3 d5 2.g3 c6 3.d3 Nf6 4.Bg2 Bg4 5.Nbd2 e6 6.O-O Be7 7.Qe1 Nbd7 8.b3 O-O
9.Bb2 a5 10.a3 Qb6 11.Rb1 Ne8 12.e4 Nc7 13.h3 Bh5 14.exd5 Bxf3 15.Nc4 Qc5
16.Bxf3 cxd5 17.d4 Qa7 18.Ne3 Nb5 19.c4 Nxd4 20.Bxd4 Qxd4 21.cxd5 Nc5 22.Qe2 Bg5
23.Rfd1 Qe5 24.Kg2 Bxe3 25.Qxe3 Qxe3 26.fxe3 exd5 27.Bxd5 Rac8 28.Rbc1 b6
29.Rf1 Rcd8 30.Rcd1 Rde8 31.Rf3 Re7 32.Rdf1 Nd7 33.Rd1 g6 34.g4 h6 35.b4 axb4
36.axb4 Kg7 37.Rd4 Ne5 38.Rf2 Rc8 39.Re4 Rcc7 40.b5 Rcd7 41.Rd4 Rc7 42.Rb2 Rc3
43.Re4 f5 44.gxf5 gxf5 45.Ra4 Nd3 46.Re2 Rc5 47.Bc6 Ne5 48.Rf4 Nxc6 49.bxc6 Kg6
50.Kf3 Rxc6 51.Rg2+ Kf6 52.Rh4 Kf7 53.Rf4 Re5 54.Rh4 b5 55.Rb2 Rb6 56.Rbb4 Ke7
57.Rhd4 Rd6 58.Rh4 Rde6 59.Rb3 Kd6 60.Rd4+ Kc7 61.Kf4 Rc5 62.Rbd3 Kc6 63.Rd8 Kb6
64.R8d6+ Rxd6 65.Rxd6+ Rc6 66.Rd5 b4 67.Rd4 Kb5 68.Kxf5 b3 69.Rd1 Rc3 70.e4 Rxh3
71.e5 Re3 72.Rd8 Kc4 73.Rb8 Kc3 74.e6 b2 75.Kf6 h5 76.e7 h4 77.Rc8+ Kd2 78.Rb8 Kc2
79.Rc8+ Kb1 80.Rh8  1/2-1/2

[Event "Budapest FS02 IM"]
[Site "Budapest"]
[Date "1997.??.??"]
[Round "9"]
[White "Czebe, Attila"]
[Black "Varga, Peter"]
[Result "1/2-1/2"]
[WhiteElo "2325"]
[BlackElo "2390"]

1.Nf3 d5 2.g3 c6 3.Bg2 Nf6 4.d3 Bg4 5.b3 e6 6.Bb2 Be7 7.Nbd2 Nbd7 8.O-O O-O
9.c4 a5 10.a3 Re8 11.Qc2 h6 12.h3 Bh5 13.Bc3 b5 14.b4 bxc4 15.dxc4 axb4 16.axb4 Qb6
17.Qb2 Reb8 18.Rxa8 Rxa8 19.e3 Bg6 20.cxd5 cxd5  1/2-1/2

[Event "Spring op"]
[Site "Budapest"]
[Date "1997.??.??"]
[Round "9"]
[White "Kerek, Krisztian"]
[Black "Kerek, Csaba"]
[Result "0-1"]
[WhiteElo "2290"]
[BlackElo "2200"]

1.Nf3 d5 2.g3 Nf6 3.Bg2 g6 4.O-O Bg7 5.d3 d4 6.c4 O-O 7.b4 Re8 8.Bb2 e5 9.Nbd2 c5
10.bxc5 Nbd7 11.Nb3 Qc7 12.a4 Bf8 13.Nfd2 Nxc5 14.Nxc5 Bxc5 15.Ne4 Nxe4 16.Bxe4 Bh3
17.Bg2 Bxg2 18.Kxg2 e4 19.Ba3 b6 20.dxe4 Rxe4 21.Qc2 Qc6 22.Kg1 Rae8 23.Rfe1 d3
24.Qxd3 Re3 25.fxe3 Bxe3+ 26.Qxe3 Rxe3 27.Bc1 Re8 28.Bf4 Qxc4 29.e3 f6 30.a5 b5
31.Rac1 Qa4 32.Ra1 Qe4 33.Rad1 g5 34.Bd6 Rc8 35.Rd4 Qf3 36.Rd2 Rc1 37.Rxc1 Qxe3+
38.Rf2 Qxc1+ 39.Rf1 Qe3+ 40.Rf2 Qe1+ 41.Rf1 Qxa5 42.Rxf6 Qa1+ 43.Rf1 Qd4+  0-1

[Event "Budapest FS05 IM"]
[Site "Budapest"]
[Date "1997.??.??"]
[Round "11"]
[White "Baumegger, Siegfried"]
[Black "Jetzl, Joerg"]
[Result "1-0"]
[WhiteElo "2360"]
[BlackElo "2245"]

1.Nf3 d5 2.g3 Nc6 3.d4 Bg4 4.Bg2 Nf6 5.Ne5 h5 6.c4 Qd6 7.Nc3 Nxe5 8.dxe5 Qxe5
9.Bf4 Qe6 10.Nb5 O-O-O 11.h3 Bf5 12.Nxa7+ Kb8 13.Nb5 Rd7 14.Nd4 Qa6 15.Nxf5 dxc4
16.Qc2 e6 17.Ne3 g5 18.Be5  1-0

[Event "Budapest FS02 GM"]
[Site "Budapest"]
[Date "1997.??.??"]
[Round "11"]
[White "Habibi, Ali"]
[Black "Lukacs, Peter"]
[Result "1/2-1/2"]
[WhiteElo "2345"]
[BlackElo "2470"]

1.Nf3 d5 2.g3 Nf6 3.Bg2 c6 4.d3 Bg4 5.Nbd2 e6 6.O-O Nbd7 7.Qe1 Be7 8.b3 O-O
9.Bb2 a5 10.a3 b5 11.e4 Qb6 12.Kh1 h6 13.h3 Bh5 14.g4 Bg6 15.Nh4 Bh7 16.f4 Qd8
17.Nhf3 Ne8 18.Nd4 Rc8 19.e5 Qb6 20.f5 c5 21.Ne2 Qd8 22.Ng3 c4 23.bxc4 bxc4
24.dxc4 Nb6 25.cxd5 Rxc2 26.Rb1 Nxd5 27.Be4 Rc8 28.Nb3 Bh4 29.Rf3 a4 30.Nd4 Nec7
31.Rd1 Qe8 32.Qe2 Nf4 33.Qh2 Ncd5 34.Rdf1 g5 35.fxg6 Bxg6 36.Bxg6 Bxg3 37.Bxf7+ Qxf7
38.Qxg3 Qg6 39.Qe1  1/2-1/2

[Event "Budapest FS12 IM-A"]
[Site "Budapest"]
[Date "1997.??.??"]
[Round "11"]
[White "Zalkind, Karmi"]
[Black "Varga, Peter"]
[Result "1/2-1/2"]
[WhiteElo "2315"]
[BlackElo "2395"]

1.Nf3 d5 2.g3 c6 3.Bg2 Bg4 4.b3 Nd7 5.Bb2 Ngf6 6.O-O e6 7.d3 Bc5 8.Nbd2 O-O
9.e4 dxe4 10.dxe4 Bxf3 11.Qxf3 e5 12.Qe2 Qe7 13.a3 a5 14.Kh1 Rfd8 15.f4 exf4
16.gxf4 Nf8 17.e5 Nd5 18.Ne4 Bb6 19.f5 Qh4 20.Bc1 h6 21.Qc4 Qe7 22.e6 fxe6
23.f6 Nxf6 24.Nxf6+ gxf6 25.Bxh6 Rd4 26.Qc3 Rg4 27.Rxf6 Nh7 28.Rff1 Bd4 29.Qf3 Qh4
30.Rae1 Kh8 31.Rxe6 Rag8  1/2-1/2

[Event "Budapest FS03 IM-A"]
[Site "Budapest"]
[Date "1997.??.??"]
[Round "11"]
[White "Zemerov, Vladimir"]
[Black "Czebe, Attila"]
[Result "0-1"]
[WhiteElo "2385"]
[BlackElo "2325"]

1.Nf3 d5 2.g3 c6 3.Bg2 Bg4 4.O-O Nd7 5.d4 Ngf6 6.Nbd2 e6 7.c4 Bd6 8.b3 Qe7
9.Bb2 Ba3 10.Qc1 Bxb2 11.Qxb2 O-O 12.Rfe1 Rfe8 13.Ne5 Nxe5 14.dxe5 Nd7 15.e4 dxe4
16.Nxe4 Red8 17.h3 Bh5 18.g4 Bg6 19.f4 f6 20.exf6 gxf6 21.b4 e5 22.f5 Bf7
23.Nc5 Nxc5 24.bxc5 Qxc5+ 25.Kh1 Qa5 26.Qxb7 Qb6 27.Qe7  0-1